000 00709nam a2200253Ia 4500
003 OSt
005 20221005090953.0
006 a|||||r|||| 00| 0
007 ta
008 221004b |||||||| |||| 00| 0 eng d
024 _a28782
037 _cTextual
040 _aCRL
_cCRL
_beng
041 _2eng
_aeng
082 _aG:66, N0
100 _aStone Edwin M Ed.
_9615758
245 0 _aIntervening sequences in evolution and development
260 _aNew York
_bOxford University
_c1990
300 _a203p
_ccm.
650 _aBIOLOGY
700 _a Schwartz Robert J Ed.
_9476956
942 _hG:66, N0
_cTEXL
_2cc
999 _c996615
_d996615